00988nam a2200265 a 450000100100000000500170001000800410002702000150006804000250008308200200010810000260012824000310015424500960018526000750028130000210035649000270037750000420040453400410044665000260048765000300051370000350054304900090057895201180058799900170070500002192920200930011516.0100914s1997 mx r 000 jbspa d a9682948991 aDO-SdBNPbspacBNPHU a894.51133bJ74r1 aJókai, Mór945510 0aSárga rózsalespañol13aLa rosa amarilla :bnovela de la llanura /cMór Jókai; traducción, Andrés Révesz. aMéxico D. F. :bConsejo Nacional para la Cultura y las Artes,c1997. a130 p. ;c21 cm. aClásico de Hoy ;v12 aIncluye lista de títulos publicados aTítulo original :tSárga rózsa 4aNovela hungara945511 4aLiteratura hungara9218251 aRévesz, Andrésetr.945512 aBNGR 001050718MOaGRbGRcCTd2010-09-14iLF1l0o894.51133 J74rp21929-10r2020-06-25w2020-06-25y1ZNo se presta c21427d21427